Teoretické štúdium energetiky a štruktúry vybraných modelových a prírodných látok

Salvato in:
Dettagli Bibliografici
Autore principale: Kováčová, Andrea (Autore)
Altri autori: Lukeš, Vladimír (Relatore della tesi)
Natura: Manoscritto Libro
Lingua:slovacco
Pubblicazione: 2025
Soggetti:
Accesso online:http://is.stuba.sk/zp/portal_zp.pl?podrobnosti=171840
Tags: Aggiungi Tag
Nessun Tag, puoi essere il primo ad aggiungerne!!

MARC

LEADER 00000ntm a22000003a 4500
001 stuzp87073
003 SK-STU
005 20250830210444.4
007 ta
008 150427s2015----xo-----f-mn---000-0-slo-d
040 |a STU  |b slo 
041 0 |a slo 
100 1 |a Kováčová, Andrea  |u 045280  |k Z3  |4 aut  |U FCHPT Ústav fyzikálnej chémie a chemickej fyziky  |T FCHPT Oddelenie chemickej fyziky  |X 76620  |U C5280  |Y 118  |7 76620 
242 0 1 |a Theoretical Study of the Energetics and Structure of Selected Model and Natural Compounds  |y eng 
245 1 0 |a Teoretické štúdium energetiky a štruktúry vybraných modelových a prírodných látok 
260 |c 2025 
650 4 |a metóda G4  |2 slo 
650 4 |a DFT  |2 slo 
650 4 |a Pourbaixov diagram  |2 slo 
650 4 |a reakčné mechanizmy  |2 slo 
650 4 |a termodynamické veličiny  |2 slo 
650 4 |a Pourbaix diagram  |2 eng 
650 4 |a thermodynamic properties  |2 eng 
650 4 |a DFT  |2 eng 
650 4 |a G4 method  |2 eng 
650 4 |a reaction mechanisms  |2 eng 
700 1 |a Lukeš, Vladimír  |u 045280  |k Z1  |4 ths  |U FCHPT Ústav fyzikálnej chémie a chemickej fyziky  |T FCHPT Oddelenie chemickej fyziky  |X 3916  |U C5280  |Y 118  |7 A000003916 
856 4 |u http://is.stuba.sk/zp/portal_zp.pl?podrobnosti=171840